00361 2200157 4500245004000000020002200040250001100062100001900073650001600092005001900108260003000127041001400157084000800171300001500179336000900194 aMerindumu ...cMurni OktarinahText a978-602-255-192-8 aCet. 1 aMurni Oktarina aNovel Fiksi a20230110090104 aYogyakartabPing!!!c2013 aIndonesia a813 a191 hlm. : atext